Diabetic cardiology / (Record no. 3966)

MARC details
000 -LEADER
fixed length control field 00762nam a22002412 4500
001 - CONTROL NUMBER
control field 0000019532
005 - DATE AND TIME OF LATEST TRANSACTION
control field 20151217145917.0
008 - FIXED-LENGTH DATA ELEMENTS--GENERAL INFORMATION
fixed length control field 110106s xx 000 0 eng d
020 ## - INTERNATIONAL STANDARD BOOK NUMBER
International Standard Book Number 0470862049 :
040 ## - CATALOGING SOURCE
Original cataloging agency KABU
Transcribing agency KABU
245 10 - TITLE STATEMENT
Title Diabetic cardiology /
Statement of responsibility, etc. editors Miles Fisher, John J. McMurray.
250 ## - EDITION STATEMENT
Edition statement 1st ed.
260 ## - PUBLICATION, DISTRIBUTION, ETC. (IMPRINT)
Place of publication, distribution, etc. Chichester, England :
Name of publisher, distributor, etc. J. Wiley,
Date of publication, distribution, etc. 2007.
300 ## - PHYSICAL DESCRIPTION
Extent xii, 295 p.
650 #0 - SUBJECT ADDED ENTRY--TOPICAL TERM
Topical term or geographic name as entry element Heart
General subdivision Diseases.
-- 0000179269
650 #0 - SUBJECT ADDED ENTRY--TOPICAL TERM
Topical term or geographic name as entry element Cardiovascular system
General subdivision Diseases.
-- 0000179270
650 #0 - SUBJECT ADDED ENTRY--TOPICAL TERM
Topical term or geographic name as entry element Diabetes
General subdivision Complication.
-- 0000179271
700 1# - ADDED ENTRY--PERSONAL NAME
Personal name Fisher, Miles.
-- 0000179272
700 1# - ADDED ENTRY--PERSONAL NAME
Personal name McMurray, John J.
-- 0000179273
852 1# - LOCATION
-- p8999 KES
908 ## - PUT COMMAND PARAMETER (RLIN)
Put command parameter 110106
950 ## - LOCAL HOLDINGS (RLIN)
-- 1
Holdings
Withdrawn status Lost status Source of classification or shelving scheme Not for loan Home library Current library Date acquired Total Checkouts Full call number Barcode Date last seen Price effective from Koha item type Date last checked out
    Library of Congress Classification   Kabarak, Main Campus Kabarak, Main Campus 17/12/2015   .RC682 .D53 2007 c. 2 23075 17/12/2015 17/12/2015 General Collection  
    Library of Congress Classification   Kabarak, Main Campus Kabarak, Main Campus 17/12/2015 2 .RC682 .D53 2007 c. 1 23074 28/06/2017 17/12/2015 General Collection 07/06/2017
Designed with assistance from East African Informatics Ltd